| 000 | 00412nam a22001457a 4500 | ||
|---|---|---|---|
| 005 | 20240319102000.0 | ||
| 008 | 240319b ||||| |||| 00| 0 eng d | ||
| 040 | _cAL | ||
| 041 | _aeng | ||
| 082 |
_223 _a658.8342 _bCONS |
||
| 245 | _aConsumers Attitude Towards Various Brands of Refrigerators | ||
| 260 |
_aMangalore _bSt Aloysius College _c1995 |
||
| 700 |
_aFERNANDES (Johnson S) _9155224 |
||
| 942 |
_2ddc _cPRO |
||
| 999 |
_c230497 _d230497 |
||